| 000 | 00668nab a2200193 4500 | ||
|---|---|---|---|
| 001 | 244442 | ||
| 003 | OSt | ||
| 005 | 20230731123635.0 | ||
| 007 | tu | ||
| 008 | 200917s2020||||||| | ||
| 040 |
_aDE-2950 _cDE-2950 |
||
| 245 | 0 | 0 |
_aSchwimmunterricht muss wochenlang ausfallen. _cThomas Gutke _bSport. Die Probleme mit dem Hallenband nehmen kein Ende. Die eigentlich für Sommer geplante Schließzeit muss nun mitten ins neue Schuljahr verlegt werden/ |
| 264 | _c2023 | ||
| 653 | _aFrankfurt (Oder) | ||
| 653 | _aSchwimmhalle | ||
| 653 | _aSchließzeit | ||
| 773 | 0 |
_g34. Jahrgang (2023) Nr. 171 vom 25.07.2023, S. 13, mit Foto _tMärkische Oderzeitung |
|
| 942 |
_2z _cA |
||
| 999 |
_c372655 _d372655 |
||